Online
Catalog

El sindicalismo en la República Dominicana / (Record no. 13668)

MARC details
000 -CABECERA
campo de control de longitud fija 02011nam a2200265 a 4500
001 - NÚMERO DE CONTROL
campo de control 000014066
005 - FECHA Y HORA DE LA ÚLTIMA TRANSACCIÓN
campo de control 20200929163447.0
008 - DATOS DE LONGITUD FIJA--INFORMACIÓN GENERAL
campo de control de longitud fija 091203s2006 dr a 000 0 spa d
020 ## - NÚMERO INTERNACIONAL ESTÁNDAR DEL LIBRO
ISBN cancelado o inválido 9993432067
040 ## - FUENTE DE LA CATALOGACIÓN
Centro catalogador/agencia de origen DO-SdBNP
Lengua de catalogación spa
Centro/agencia transcriptor BNPHU
082 ## - NÚMERO DE LA CLASIFICACIÓN DECIMAL DEWEY
Número de clasificación 331.88097293
Número de documento/Ítem G633s
100 1# - ENTRADA PRINCIPAL--NOMBRE DE PERSONA
Nombre de persona Gómez Cerda, José,
9 (RLIN) 8583
245 13 - MENCIÓN DE TÍTULO
Título El sindicalismo en la República Dominicana /
Mención de responsabilidad, etc. José Gómez Cerda ; prólogo Henry Molina.
260 ## - PUBLICACIÓN, DISTRIBUCIÓN, ETC.
Lugar de publicación, distribución, etc. Santo Domingo :
Nombre del editor, distribuidor, etc. Argos,
Fecha de publicación, distribución, etc. 2006.
300 ## - DESCRIPCIÓN FÍSICA
Extensión 151 p. :
Otras características físicas il. ;
Dimensiones 23 cm.
500 ## - NOTA GENERAL
Nota general Incluye datos biográficos del autor en las solapas
505 0# - NOTA DE CONTENIDO CON FORMATO
Nota de contenido con formato Prólogo --
Título LOS ANTECEDENTES --
-- HISTORIA DEL SINDICALISMO DOMINICANO 1961-1979 --
-- SITUACION ECONOMICA --
-- Turismo --
-- Las remesas de dominicanos en el exterior --
-- El Tratado de Libre Comercio --
-- EL SISTEMA DE SEGURIDAD SOCIAL DOMINICANO --
-- Los fondos de pensiones --
-- Las viviendas y los trabajadores --
-- EL ENTORNO INTERNACIONAL --
-- Los trabajadores dominicanos y el Tratado de Libre Comercio (TLC) --
-- El caso de Chile --
-- El caso de México --
-- El desarrollo de los recursos humanos --
-- Proceso de unidad en el Caribe --
-- Remesas --
-- EL TRABAJO Y EL SINDICALISMO --
-- El trabajo humano --
-- El movimiento de los trabajadores --
-- Sindicalismo humanista --
-- Sindicalismo autónomo --
-- Sindicalismo ideológico --
-- Sindicalismo y competitividad --
-- LA EDUCACION Y LAS COMUNICACIONES --
-- La educación permanente --
-- Cultura y globalización --
-- El movimiento de trabajadores y las comunicaciones electrónicas --
-- CONCLUSIÓN --
-- Actualidad sindical --
-- Los cuadros militantes del sindicalismo --
-- Modernización del sindicalismo.
590 ## - NOTA LOCAL (RLIN)
Nota local La biblioteca posee un ejemplar autografiado por el autor.
590 ## - NOTA LOCAL (RLIN)
Nota local Inventariado, 2018/VM
650 #4 - PUNTO DE ACCESO ADICIONAL DE MATERIA--TÉRMINO DE MATERIA
Término de materia o nombre geográfico como elemento de entrada Sindicalismo
Subdivisión geográfica República Dominicana
Subdivisión general Historia
9 (RLIN) 31867
650 #4 - PUNTO DE ACCESO ADICIONAL DE MATERIA--TÉRMINO DE MATERIA
Término de materia o nombre geográfico como elemento de entrada Trabajo y trabajadores
Subdivisión geográfica República Dominicana
9 (RLIN) 7272
650 #4 - PUNTO DE ACCESO ADICIONAL DE MATERIA--TÉRMINO DE MATERIA
Término de materia o nombre geográfico como elemento de entrada Derechos de los trabajadores
9 (RLIN) 10032
700 1# - PUNTO DE ACCESO ADICIONAL--NOMBRE DE PERSONA
Nombre de persona Molina, Henry,
Término indicativo de función/relación pról.
9 (RLIN) 7271
910 ## - DATOS DE OPCIÓN DEL USUARIO (OCLC)
Datos de opción del usuario Validado. Control de calidad MFF
Holdings
Estado de retiro Estado de pérdida Restricciones de uso No para préstamo Código de colección Localización permanente Ubicación/localización actual Ubicación en estantería Fecha de adquisición Número de inventario Total de préstamos Signatura topográfica completa Código de barras Fecha visto por última vez Número de copia Precio válido a partir de Tipo de ítem Koha
        Dominicana de Servicio General General Depósito 29.11.2010 LF1   331.88097293 G633s 14066-40 25.06.2020 e. 4 25.06.2020 Libro y Folleto Colección Dominicana de Servicio
        Dominicana de Servicio General General Depósito 29.11.2010 LF1   331.88097293 G633s 14066-50 25.06.2020 e. 5 25.06.2020 Libro y Folleto Colección Dominicana de Servicio
        Dominicana de Servicio General General Depósito 03.12.2009 LF1   331.88097293 G633s 14066-30 25.06.2020 e. 3 25.06.2020 Libro y Folleto Colección Dominicana de Servicio
      Excluido de préstamo Patrimonio Dominicano Patrimonio Dominicano Patrimonio Dominicano Depósito 03.12.2009 LF1   331.88097293 G633s 14066-10 25.06.2020   25.06.2020 Libro y Folleto Colección Patrimonio Dominicano
      Excluido de préstamo Patrimonio Dominicano Patrimonio Dominicano Patrimonio Dominicano Depósito 03.12.2009 LF1   331.88097293 G633s 14066-20 25.06.2020 e. 2 25.06.2020 Libro y Folleto Colección Patrimonio Dominicano

Powered by Koha